Word Ladder: Rodney Dangerfield Quiz Stats

 Plays Quiz Updated Sep 24, 2016

Challenge
Share
Tweet
Embed
Score 0/38 Timer 04:00
1 Play Today
Hint 4-Letter Word % Correct
The outer part of a tree's trunkBARK
97.1%
Wet but not quite soakedDAMP
96.8%
Not covered or clothedBARE
96.7%
Where garbage ends upDUMP
96.6%
To feel deeply about someone or somethingCARE
95.1%
To cook food in an ovenBAKE
95%
Where kids might play tug-of-war during the summerCAMP
94.4%
●I remember the time I was kidnapped and they sent back a piece of my finger to my father. He said he wanted ___ proof●●MORE●
94.1%
●... I was going to jump out a window on the tenth floor. They sent a priest up to talk to me. He said, 'On your ___...'●●MARK●
94%
An oily freshwater fish from the Cyprinidae familyCARP
93.9%
TV alien whose catchphrase was: 'Na-Nu Na-Nu'MORK
93.3%
To make someone weary with dullnessBORE
92.8%
●I asked my old man if I could go ice-skating on the ___.
He told me, 'Wait til it gets warmer.'●
●LAKE●
92.1%
'If first is worst then last is ___'BEST
90.5%
●What a dog I got.
His favorite ___ is in my arm!●
●BONE●
90%
A native of CopenhagenDANE
89.8%
Aykroyd, Marino or Castellaneta, e.g.DANS
88.7%
Batman's foe in 'The Dark Knight Rises'BANE
88.5%
●My wife made me join a bridge club.
I ___ off next Tuesday.●
●JUMP●
86.9%
Hint 4-Letter Word % Correct
Home TV roomsDENS
86.4%
What will neutralize an acidBASE
86.3%
Santana & Willie Nelson song: 'They All ___ to Mexico'WENT
84.8%
●I come from a stupid family.
During the Civil War my great uncle fought for the ___!●
●WEST●
84.2%
A big hit or a big partyBASH
80.7%
●My father was stupid.
He worked in a bank and they caught him stealing ___.●
●PENS●
76.5%
Racing Cars song: '___ Shoot Horses Don't ___?' THEY
74.6%
●When I was a kid my parents moved a lot,
but I always found ___.●
●THEM●
74.4%
Confined and repressedPENT
74%
Kevin Kline movie where he pretends to be the presidentDAVE
73.6%
Something used to carry foodTRAY
73.3%
To wash thoroughly LAVE
72.9%
The Go Go's had this in 1981BEAT
72.4%
●My wife has to be the worst cook.
In my house, we ___ after we eat.●
●PRAY●
70.9%
South Park co-creator ParkerTREY
70.2%
Decaying plant material used as fertilizerPEAT
70.1%
UK insult which literally refers to one's backsidePRAT
61%
●I could tell that my parents hated me.
My ___ toys were a toaster and a radio.●
●BATH●
56.3%
To reduce the force or intensity of somethingBATE
55.7%

Today's Daily Dose

Word Ladder
Faux Pas

Quick Pick
Pacific Islands

On This Day
November 20th II

You're not logged in!

Compare scores with friends on all Sporcle quizzes.
Join for Free
OR
Log In

You Might Also Like...

Show Comments

Extras

Top Quizzes Today


Score Distribution

Your Account Isn't Verified!

In order to create a playlist on Sporcle, you need to verify the email address you used during registration. Go to your Sporcle Settings to finish the process.

Report this User

Report this user for behavior that violates our Community Guidelines.

Details: